Лунный камень: Роман

Dades bibliogràfiques
Autor principal: Коллинз У. Уилки
Altres autors: Шагинян М. (переводчик), Голицын А. (иллюстратор)
Sumari:Исключено из фонда НТБ ТПУ
Idioma:rus
Publicat: Алма-Ата, Жазушы, 1984
Format: MixedMaterials Llibre
KOHA link:https://koha.lib.tpu.ru/cgi-bin/koha/opac-detail.pl?biblionumber=127554

MARC

LEADER 00000nam0a2200000 4500
001 127554
005 20231031132303.0
020 |a RU  |b 84-51348 
035 |a (RuTPU)RU\TPU\book\137994 
090 |a 127554 
100 |a 20071217d1984 m y0rusy5003 ca 
101 1 |a rus  |c eng 
102 |a RU 
105 |a y z 000ay 
200 1 |a Лунный камень  |e Роман  |f У. Коллинз  |g пер. с англ. М. Шагинян ; худож. А. Голицын 
210 |a Алма-Ата  |c Жазушы  |d 1984 
215 |a 464 с.  |c грав. 
333 |a Исключено из фонда НТБ ТПУ 
700 1 |a Коллинз  |b У.  |g Уилки 
702 1 |a Шагинян  |b М.  |4 730 
702 1 |a Голицын  |b А.  |4 440 
801 0 |a RU  |b RuMRKP  |c 19950704  |g psbo 
801 1 |a RU  |b 63413507  |c 20071217  |g PSBO 
801 2 |a RU  |b 63413507  |c 20220622  |g PSBO 
942 |c BK